Personnel Management (Record no. 85162)

MARC details
000 -LEADER
fixed length control field 00574nam a22002177a 4500
003 - CONTROL NUMBER IDENTIFIER
control field OSt
005 - DATE AND TIME OF LATEST TRANSACTION
control field 20250828100519.0
020 ## - INTERNATIONAL STANDARD BOOK NUMBER
International Standard Book Number 0256032297
040 ## - CATALOGING SOURCE
Transcribing agency URS
050 ## - LIBRARY OF CONGRESS CALL NUMBER
Classification number HF5549
Item number .M472h 1981
100 1# - MAIN ENTRY--PERSONAL NAME
9 (RLIN) 4489
Personal name Megginson, Leon C.
245 ## - TITLE STATEMENT
Title Personnel Management
Remainder of title A Human Resources Approach
250 ## - EDITION STATEMENT
Edition statement 4th Edition
264 ## - PRODUCTION, PUBLICATION, DISTRIBUTION, MANUFACTURE, AND COPYRIGHT NOTICE
Place of production, publication, distribution, manufacture Homewood, Ill.
Name of producer, publisher, distributor, manufacturer D. Irwin
Date of production, publication, distribution, manufacture, or copyright notice ©1981
300 ## - PHYSICAL DESCRIPTION
Extent 611 pages.,:
Dimensions 25 cm.
336 ## - CONTENT TYPE
Source rdacontent
Content type term text
337 ## - MEDIA TYPE
Source rdamedia
Media type term unmediated
338 ## - CARRIER TYPE
Source rdacarrier
Carrier type term volume
650 #0 - SUBJECT ADDED ENTRY--TOPICAL TERM
9 (RLIN) 1297
Topical term or geographic name entry element Personnel management
942 ## - ADDED ENTRY ELEMENTS (KOHA)
Source of classification or shelving scheme Library of Congress Classification
Koha item type Reserved Books
Holdings
Withdrawn status Source of classification or shelving scheme Damaged status Not for loan Collection code Home library Current library Date acquired Total Checkouts Full call number Barcode Date last seen Price effective from Koha item type
  Library of Congress Classification     Non-fiction Morong Graduate Library Morong Graduate Library 03/19/2025   HF5549 .M472h 1981 URSMOR-GL-754 03/19/2025 03/19/2025 Reserved Books

University of Rizal System
Email us at univlibservices@urs.edu.ph

Visit our Website www.urs.edu.ph/library